Thoughts & Prayers - Motionless in White - Statistics

General Stats
  • This quiz has been taken 10 times
  • The average score is 273 of 316
Answer Stats
% Correct
a
100%
about
100%
An
100%
an
100%
and
100%
blame
100%
don't
100%
Don't
100%
enslaved
100%
fantasy
100%
flames
100%
for
100%
for,
100%
Fuck!
100%
fuck
100%
get
100%
give
100%
Go!
100%
go
100%
I
100%
in
100%
just
100%
Just
100%
me
100%
need
100%
No
100%
of
100%
on
100%
one
100%
pain
100%
pain,
100%
pray
100%
prayers
100%
single
100%
So
100%
the
100%
The
100%
think
100%
this
100%
thoughts
100%
to
100%
up
100%
want
100%
when
100%
you
100%
You
100%
your
100%
you're
100%
destruction
83%
holy
83%
miracles,
83%
play
83%
self
83%
well
83%
wish
83%
am
67%
Can
67%
down
67%
eyes
67%
fucking
67%
game
67%
hide
67%
is
67%
knees
67%
left
67%
love
67%
money
67%
more
67%
net
67%
nowhere
67%
Open
67%
pity
67%
Salvation
67%
There's
67%
tragedy
67%
victim
67%
worth
67%
addict
50%
amen?
50%
anything
50%
apostle
50%
attention
50%
behind
50%
bodies
50%
but
50%
by
50%
can't
50%
counterfeit
50%
crucifix
50%
Crucify
50%
dead
50%
doubling
50%
dry
50%
fabricate
50%
face
50%
fallacy
50%
fill
50%
ghost
50%
god
50%
Handcuffed
50%
hear
50%
Hiding
50%
inside
50%
know
50%
off
50%
part
50%
plaudit
50%
playing
50%
pockets
50%
Preaching
50%
Preying
50%
saint
50%
screen
50%
script
50%
seek
50%
soul
50%
spare
50%
Sunday
50%
symphony
50%
truth
50%
violence
50%
Wake
50%
what
50%
won't
50%
Won't
50%
insincere
33%
shit
33%
canonize
17%
crown
17%
it's
17%
wear
17%
while
17%
Yet
17%
yourself
17%
No matching quizzes found
Score Distribution
Percent of People with Each Score
Percentile by Number Answered
Your Score History
You have not taken this quiz